Etimologia dei Paesi #2 - Statistics

Statistiche generali
  • Questo quiz è stato fatto 48 volte
  • Il punteggio medio è 6 su 10
Statistiche sulle risposte
Etimologia Paese % Corretto
Da Simón Bolívar Bolivia
100%
"Equatore" Ecuador
100%
"Bianca Russia" Bielorussia
97%
Dalla pronuncia spagnola di Marrakech Marocco
95%
"San Tommaso e principe" São Tomé e Príncipe
89%
"Terra sotto l'Egeo", in greco Egitto
62%
"Bianco latte", in semitico Libano
35%
"Piccolo castello" Lussemburgo
24%
"Profondità", in spagnolo Honduras
19%
"Città Leone", in sanscrito Singapore
19%
Nessun quiz corrispondente trovato
Distribuzione punteggi
Percentuale di utenti per punteggio
Percentile per numero di risposta
I tuoi punteggi nel tempo
Non hai fatto questo quiz